000 nam a22 4500
999 _c8829
_d8829
008 180314b ||||| |||| 00| 0 eng d
245 _aA snapshot of senior high school.
260 _aDavao City
_bSun Star Davao
_cc2016
300 _apage 2.
650 0 _926789
_aEducation.
942 _2ddc
_cPER